| 000 | 01129nam a2200217Ia 4500 | ||
|---|---|---|---|
| 003 | Ost | ||
| 005 | 20260507075043.0 | ||
| 008 | 260507s9999||||xx |||||||||||||| ||und|| | ||
| 020 | _a9775919495 | ||
| 040 | _cfsecg | ||
| 041 | _aara | ||
| 082 | _a330 | ||
| 100 |
_aالخضيري، محسن أحمد _eمؤلف |
||
| 245 | 0 |
_aاليورو : _bالإطار الشامل والكامل للعملة الأوروبية الوحيدة / _c محسن أحمد الخضيري |
|
| 260 |
_aالقاهرة: _bمجموعة النيل العربية, _c2002 |
||
| 300 |
_a223 صفحة؛ _bإيضاحات ؛ _c24 سم |
||
| 520 | _aهندسة الصراع الاقتصادي وإصدار اليورو،فلسفة اليورو ما بين الانخراط والتوحد،الطريق إلى اليورو،شكل اليورو وفئاته،المراحل المتتالية لليورو،اليورو ككتلة نقدية،مستقبل اليورو،المزايا والمنافع المترتبة على اليورو،نحو عملة عربية وحيدة | ||
| 653 | _aالاقتصاد | ||
| 653 | _aاوربا | ||
| 942 | _cكتاب | ||
| 999 |
_c42536 _d42536 |
||